<?xml version="1.0" encoding="UTF-8"?>
<record
    xmlns:xsi="http://www.w3.org/2001/XMLSchema-instance"
    xsi:schemaLocation="http://www.loc.gov/MARC21/slim http://www.loc.gov/standards/marcxml/schema/MARC21slim.xsd"
    xmlns="http://www.loc.gov/MARC21/slim">

  <leader>01054nam a22002177a 4500</leader>
  <controlfield tag="005">20260202144750.0</controlfield>
  <controlfield tag="008">250217b           ||||| |||| 00| 0 eng d</controlfield>
  <datafield tag="020" ind1=" " ind2=" ">
    <subfield code="a">9788197595158</subfield>
  </datafield>
  <datafield tag="040" ind1=" " ind2=" ">
    <subfield code="c">AL</subfield>
  </datafield>
  <datafield tag="041" ind1=" " ind2=" ">
    <subfield code="a">English</subfield>
  </datafield>
  <datafield tag="082" ind1=" " ind2=" ">
    <subfield code="2">23</subfield>
    <subfield code="a">820.33</subfield>
    <subfield code="b">DSOT</subfield>
  </datafield>
  <datafield tag="100" ind1=" " ind2=" ">
    <subfield code="a">Na Dsouza</subfield>
    <subfield code="9">253549</subfield>
  </datafield>
  <datafield tag="245" ind1=" " ind2=" ">
    <subfield code="a">Ten houses around a Church</subfield>
  </datafield>
  <datafield tag="260" ind1=" " ind2=" ">
    <subfield code="a">Mangaluru</subfield>
    <subfield code="b">St Aloysius Prakashana</subfield>
    <subfield code="c">2024</subfield>
  </datafield>
  <datafield tag="300" ind1=" " ind2=" ">
    <subfield code="a">296 p.</subfield>
    <subfield code="b">PB</subfield>
    <subfield code="c">21x14 cm.</subfield>
  </datafield>
  <datafield tag="520" ind1=" " ind2=" ">
    <subfield code="a">The book titled &#x2018;Ten Houses around a Church,&#x2019; a translated work of Dr Sylvia Rego, Department of English, St Aloysius (Deemed to be University), was released on 6 February 2025 during a Literary Festival, KENSHO, organised by the Department of English, which was published by St Aloysius Prakashana. 

The book &#x2018;Ten Houses around a Church&#x2019; is a translation of a Kannada novel, &#x2018;Igarji Suttalina Hattu Manegalu&#x2019; by the renowned writer Na D&#x2019;Souza.</subfield>
  </datafield>
  <datafield tag="650" ind1=" " ind2=" ">
    <subfield code="a">English Fiction</subfield>
    <subfield code="9">200233</subfield>
  </datafield>
  <datafield tag="650" ind1=" " ind2=" ">
    <subfield code="a">Igarji Suttalina Hattu Manegalu</subfield>
    <subfield code="9">200274</subfield>
  </datafield>
  <datafield tag="700" ind1=" " ind2=" ">
    <subfield code="a">Rego, Sylvia Tr</subfield>
    <subfield code="9">200234</subfield>
  </datafield>
  <datafield tag="942" ind1=" " ind2=" ">
    <subfield code="2">ddc</subfield>
    <subfield code="c">DB</subfield>
  </datafield>
  <datafield tag="999" ind1=" " ind2=" ">
    <subfield code="c">233811</subfield>
    <subfield code="d">233811</subfield>
  </datafield>
  <datafield tag="952" ind1=" " ind2=" ">
    <subfield code="0">0</subfield>
    <subfield code="1">0</subfield>
    <subfield code="2">ddc</subfield>
    <subfield code="4">0</subfield>
    <subfield code="7">0</subfield>
    <subfield code="8">ENG</subfield>
    <subfield code="a">AL</subfield>
    <subfield code="b">AL</subfield>
    <subfield code="d">2025-02-15</subfield>
    <subfield code="l">0</subfield>
    <subfield code="o">820.33 DSOT</subfield>
    <subfield code="p">D06246</subfield>
    <subfield code="r">2025-02-17 00:00:00</subfield>
    <subfield code="w">2025-02-17</subfield>
    <subfield code="y">DB</subfield>
    <subfield code="z">Donated by Dr Sylvia Rego</subfield>
  </datafield>
  <datafield tag="952" ind1=" " ind2=" ">
    <subfield code="0">0</subfield>
    <subfield code="1">0</subfield>
    <subfield code="2">ddc</subfield>
    <subfield code="4">0</subfield>
    <subfield code="7">0</subfield>
    <subfield code="8">ENG</subfield>
    <subfield code="a">AL</subfield>
    <subfield code="b">AL</subfield>
    <subfield code="d">2025-02-15</subfield>
    <subfield code="l">1</subfield>
    <subfield code="o">820.33 DSOT</subfield>
    <subfield code="p">D06247</subfield>
    <subfield code="r">2026-04-15 09:04:56</subfield>
    <subfield code="s">2026-04-01</subfield>
    <subfield code="w">2025-02-17</subfield>
    <subfield code="y">DB</subfield>
    <subfield code="z">Donated by Dr Sylvia Rego</subfield>
  </datafield>
  <datafield tag="952" ind1=" " ind2=" ">
    <subfield code="0">0</subfield>
    <subfield code="1">0</subfield>
    <subfield code="2">ddc</subfield>
    <subfield code="4">0</subfield>
    <subfield code="7">0</subfield>
    <subfield code="8">ENG</subfield>
    <subfield code="a">AL</subfield>
    <subfield code="b">AL</subfield>
    <subfield code="d">2025-02-15</subfield>
    <subfield code="l">0</subfield>
    <subfield code="o">820.33 DSOT</subfield>
    <subfield code="p">D06270</subfield>
    <subfield code="r">2025-02-19 00:00:00</subfield>
    <subfield code="w">2025-02-17</subfield>
    <subfield code="y">DB</subfield>
    <subfield code="z">Donated by St Aloysius Prakashana</subfield>
  </datafield>
</record>
